Perintah-perintah Am dan Arahan Pentadbiran : (hingga 15hb Januari 2006)

Bibliographic Details
Corporate Author: MALAYSIA
Format: Book
Published: Petaling Jaya, Selangor : International Law Book Services , 2006
Series:Undang-undang Malaysia
Subjects:

MARC

LEADER 00000cam a2200000 7i4500
001 0000003567
005 20060621.0
020 0 0 |a 9678916592 
090 0 0 |a 342.595068   |b MAL 2006 
110 1 0 |a MALAYSIA 
245 1 0 |a Perintah-perintah Am dan Arahan Pentadbiran :   |b (hingga 15hb Januari 2006)   |c disusun oleh Lembaga Penyelidikan Undang-Undang 
260 0 0 |a Petaling Jaya, Selangor :   |b International Law Book Services ,   |c 2006 
300 |a 809 p. ;   |c 24 cm. 
440 0 0 |a Undang-undang Malaysia 
650 0 0 |a Administrative agencies   |x Rules and practice   |z Malaysia 
650 0 0 |a Administrative procedure   |z Malaysia 
650 0 0 |a Civil service ethics   |z Malaysia 
998 |a JPSM 
999 |a 0000006922   |b Monograph   |c Acts   |e Default branch